000 00353nam a2200145Ia 4500
008 191201s2009 xx 000 0 und d
082 _a658.22
_bMUM
100 _aMULLINS, Laurie J
245 0 _aManagement and Organisational Behaviour
250 _a3rd IMP
260 _aN. Delhi
_bPearson
_c2009
300 _a1095
650 _aBBA
942 _2ddc
_cBK
999 _c4444
_d4444